Fòrum Europa-Barcelona 2003 : la participació de la societat en l'estat del benestar del segle XXI la participació de la societat en l'estat del benestar del segle XXI
Descripción Física:
1 adhesiu ; 5 x 9 cm
MARC
| LEADER | 00000nam a2200000Ia 4500 | ||
|---|---|---|---|
| 001 | 24471 | ||
| 008 | 160829s2003 xx 000 0 cat d | ||
| 080 | |a NBM-11-9 | ||
| 245 | |a Fòrum Europa-Barcelona 2003 : |b la participació de la societat en l'estat del benestar del segle XXI | ||
| 260 | |a [Barcelona] : |b [Diputació de Barcelona], |c 2003 | ||
| 300 | |a 1 adhesiu ; |c 5 x 9 cm | ||
| 901 | |a Arxiu | ||
| 942 | |n 1 | ||
| 952 | |0 0 |1 0 |4 0 |6 NBM119 |7 1 |9 55620 |a Arxiu |b Arxiu |d 2016-12-01 |l 0 |o NBM-11-9 |p 24471 |r 2016-12-01 00:00:00 |w 2016-12-01 |y ARXIU | ||
| 999 | |c 59493 |d 59493 | ||